Bilecik Bilecik Bilecik Bilecik Bilecik

Avrupa Topluluğu'nun tekstil ve konfeksiyon sanayii, ticareti ve Türkiye'nin AT'nin ithalatı içindeki payı/ (Record no. 14935)

MARC details
000 -BAŞLIK
Sabit Uzunluktaki Kontrol Alanı 01538nam a22003737a 4500
001 - KONTROL NUMARASI
Control Dosyası 0014972
003 - KONTROL NUMARASI KİMLİĞİ
Kontrol Alanı KOHA_MİRAKIL
005 - EN SON İŞLEM TARİHİ ve ZAMANI
Kontrol Alanı 20260207002013.0
007 - FİZİKSEL TANIM SABİT ALAN - GENEL BİLGİ
Sabit uzunluklu kontrol alanı ta
008 - SABİT UZUNLUKTAKİ VERİ ÖGELERİ - GENEL BİLGİ
Sabit Alan 100310b1993 tu |||gr||||#||||0|tur |
040 ## - KATALOGLAMA KAYNAĞI
Özgün Kataloglama Kurumu TR-BiSEU
Kataloglama Dili tur
Çeviri Kurumu TR-BiSEU
Açıklama Kuralları rda
041 0# - DİL KODU
Metin ya da ses kaydının dil kodu tur
044 ## - YAYINLAYAN/ÜRETEN KURULUŞUN ÜLKE KODU
ISO country code tu
050 ## - SINIFLAMA ve YER NUMARASI
Sınıflama Numarası HD9865
Yer Numarası .C35 1993
100 1# - KİŞİ ADI
Yazar Adı (Kişi adı) Çakıroğlu, Erkan.
245 1# - ESER ADI BİLDİRİMİ
Başlık Avrupa Topluluğu'nun tekstil ve konfeksiyon sanayii, ticareti ve Türkiye'nin AT'nin ithalatı içindeki payı/
Sorumluluk Bildirimi Erkan Çakıroğlu ; Erkan Çakıroğlu.
264 #1 - ÜRERİM, YAYIN, DAĞITIM ve TELİF BİLDİRİMİ
Yayın yeri Ankara :
Yayınlayan Hazine ve Dış ticaret Müsteşarlığı, Ekonomik Araştırmalar ve Değerlendirme Gn.Md.
Yayın tarihi 1993
300 ## - FİZİKSEL TANIMLAMA
Sayfa, Cilt vb. 18 sayfa: resimli; 30 cm.
336 ## - İÇERİK TÜRÜ
Content type term metin
Content type code txt
Source rdacontent
337 ## - MEDYA TÜRÜ
Media type term aracısız
Media type code n
Source rdamedia
338 ## - TAŞIYICI TÜRÜ
Carrier type term cilt
Carrier type code nc
Source rdacarrier
490 1# - DİZİ BİLDİRİMİ
Dizi Bildirimi Araştırma-İnceleme dizisi ;
Cilt Numarası 26.
650 #0 - KONU BAŞLIĞI EK GİRİŞ - KONU TERİMİ
Konusal terim veya coğrafi ad Textile industry--European Economic Community Countries.
9 (RLIN) 34777
650 #0 - KONU BAŞLIĞI EK GİRİŞ - KONU TERİMİ
Konusal terim veya coğrafi ad Clothing industry--European Economic Community Countries.
9 (RLIN) 34778
650 #0 - KONU BAŞLIĞI EK GİRİŞ - KONU TERİMİ
Konusal terim veya coğrafi ad European Economic Community Countries--Industries.
9 (RLIN) 34779
650 #0 - KONU BAŞLIĞI EK GİRİŞ - KONU TERİMİ
Konusal terim veya coğrafi ad Textile industry--Turkey.
9 (RLIN) 34780
650 #0 - KONU BAŞLIĞI EK GİRİŞ - KONU TERİMİ
Konusal terim veya coğrafi ad Clothing industry--Turkey.
9 (RLIN) 34781
650 #0 - KONU BAŞLIĞI EK GİRİŞ - KONU TERİMİ
Konusal terim veya coğrafi ad European Economic Community Countries--Turkey.
9 (RLIN) 34782
650 #0 - KONU BAŞLIĞI EK GİRİŞ - KONU TERİMİ
Konusal terim veya coğrafi ad Tekstil endüstrisi--Avrupa topluluğu.
9 (RLIN) 34783
650 #0 - KONU BAŞLIĞI EK GİRİŞ - KONU TERİMİ
Konusal terim veya coğrafi ad Giyim endüstrisi--Türkiye.
9 (RLIN) 34784
650 #0 - KONU BAŞLIĞI EK GİRİŞ - KONU TERİMİ
Konusal terim veya coğrafi ad Avrupa Ekonomi Topluluğu Ülkeleri--Türkiye.
9 (RLIN) 34785
830 1# - SERİ EK GİRİŞİ - TEKBİÇİM ESER ADI
Tekbiçim Başlık Araştırma-İnceleme dizisi ;
Volume number/sequential designation 26.
9 (RLIN) 14008
942 ## - EK GİRİŞ ÖGELERİ (KOHA)
Source of classification or shelving scheme Library of Congress Classification
Koha item type Book
Holdings
Materyal Türü Kalıcı Konum Mevcut Konum Raf Yeri Sınıflandırma Kaynağı Edinim Bilgisi Ana Konular Alt Konular Yer Numarası Demirbaş Numarası Fatura Tarihi Geri Çekilme Durumu Kayıp Durumu Hasarlı Durumu Kredi için değil Kayıt Tarih Toplam Ödünçverme Son Görülme Tarihi Son Kontrol Tarihi Genel / Bağış Notu
Book Prof. Dr. Azmi Özcan Kütüphanesi Prof. Dr. Azmi Özcan Kütüphanesi Uluğbey Salonu Library of Congress Classification Bağış SOSYAL BİLİMLER Endüstriler, Arazi Kullanımı, İşgücü HD9865 .C35 1993 0014972 02/02/2026         10/03/2010   05/12/2024 05/12/2024 Genel Bağış